| 000 | 00621nam a2200181Ia 4500 | ||
|---|---|---|---|
| 008 | 151202s9999||||xx |||||||||||||| ||und|| | ||
| 082 | _bPNVM-48132 | ||
| 100 | _aमेणजोगे सीताराम. | ||
| 245 | _aजपानी लोककथा. | ||
| 260 | _b"नवचैतन्य प्रकाशन,मुंबई." | ||
| 260 | _c1993 | ||
| 300 | _a32 | ||
| 600 | _aमेणजोगे सीताराम. | ||
| 630 | _aजपानी लोककथा. | ||
| 700 | _aमेणजोगे सीताराम. | ||
| 730 | _aजपानी लोककथा. | ||
| 942 | _cBOOK | ||
| 999 |
_c1314078 _d1314075 |
||